000 00410 a2200133 4500
001 88460
082 _aPR 675
090 _c41885
_d41885
100 _aInsha Hamid
245 _aDesign and building of several wedge and cone shapes alongwith a support for 2" x 2" supersonic tunnel
260 _aKarachi
_bUniversity of Karachi
_c1972
300 _a88p.
_eIjaz Malik
500 _aBE Project Reports
942 _aUniversity of Karachi
_kPR 675
999 _c323533
_d323533